000 00613nam a22002177a 4500
003 OSt
005 20140310181743.0
008 130223t xxu||||| |||| 00| 0 eng d
020 _a971-23-4421-5
050 _aU660.P6
_bP123 2006
082 _aFIL 323.6
_bP13 2006
245 _aCivic welfare training service :
_cPadilla, Reynaldo A.
_ba compenent of the expanded rotc program /
260 _aManila
_bRex Book Store
_c2006
300 _a223p. :
_bill. ;
_c21 cm
521 _acollege students
526 _c1210L-1700L
541 _j1
541 _j2
562 _e2
942 _2lcc
_cBK-FIL
_kFIL
999 _c2852
_d2852